000 00192 a2200097 4500
020 _a9992483814
041 _aspa
100 _aMaria Lopez Vigil
245 _aHistoria de una rosa
942 _cBK
999 _c28913
_d28913